000 01041nam a2200301 4500
001 178223
003 ES-MaACL
005 20240129115324.0
008 110523s2009 sp p |||| |dspa d
020 _a978-84-96004-19-1
080 _a316.663:316.346
080 _a308-055.2
080 _a159.922.1-055.2
100 1 _aCampo Alange, María Laffitte,
_cCondesa de,
_d1902-1986
_934205
245 1 3 _aLa secreta guerra de los sexos /
_cCondesa de Campo Alange.
260 _aMadrid :
_bHoras y Horas,
_c[2009]
300 _a162 p. :
_b1 retr. ;
_c21 cm.
490 1 _aLa cosecha de nuestras madres ;
_v7
504 _aBibliografía: p. 161-162.
650 7 _aRol sexual.
_916927
650 0 7 _aMujeres-
_xSituación social.
_915317
650 7 _aFeminidad.
_9146683
830 0 _aLa cosecha de nuestras madres ;
_v7
_9224271
852 _aES-MaACL
_9185082
_bR.145549
_jA-11233
_dOlim: N-4237
_cDEPO1
_xDonación: Editorial
942 _2udc
_cMONOGRAFIA
999 _c178223
_d178223